000 01173cam a22003257a 4500
003 CHAP
005 20220329140204.0
008 971013s1970 r 00010 d
010 _a48292
011 _a49264
035 _a53412
040 _cCHAP
090 _aTesis
100 0 0 _aVásquez Salazar, Arturo.
_9120261
245 1 3 _aLa carta circular como un medio para la enseñanza de nueva tecnología agrícola
_b: un experimento de campo en el municipio de Texcoco, Méx.
260 _aChapingo, Méx. :
_bEl autor,
_c1970
300 _a107 h.
_b; apénd.
502 _aTesis (M.C. Esp. en Divulgación Agrícola) -- ENA. Colegio de Postgraduados
590 _aALEPH
_b10
_c20130110
_lUCH01
_h1319
590 _aBATCH-UPD
_b10
_c20130110
_lUCH01
_h2118
590 _aBATCH-UPD
_b10
_c20130410
_lUCH01
_h1429
590 _aBATCH-UPD
_b10
_c20130914
_lUCH01
_h1338
590 _aCONVERSION
_b10
_c20130109
_lUCH01
_h1326
650 1 4 _aExtensión agrícola
_xMéxico (Edo.)
_939174
901 _aBK
942 _cFOLL
949 _bBC
_cTES
_d-118454
_eTS1
_i53412
_si
949 _bBC
_cTES
_d-118455
_eTS2
_fc.2
_i53412
_si
949 _bBC
_cTES
_d33724000695086
_eTS2
_fc.3
_i53412
_si
999 _c48292
_d48292